La Enciclopedia / (Record no. 59119)

MARC details
000 -LEADER
campo de control de longitud fija 00847nam a2200253 i 4500
001 - NÚMERO DE CONTROL
campo de control 59119
003 - IDENTIFICADOR DE NÚMERO DE CONTROL
campo de control ES-MaACL
005 - FECHA Y HORA DE LA ÚLTIMA TRANSACCIÓN
campo de control 20250813014531.0
007 - CAMPO FIJO DE DESCRIPCIÓN FÍSICA--INFORMACIÓN GENERAL
campo de control de longitud fija t|
008 - DATOS DE LONGITUD FIJA--INFORMACIÓN GENERAL
campo de control de longitud fija 031027s1970 sp ||||1| spa d
080 ## - NÚMERO DE LA CLASIFICACIÓN DECIMAL UNIVERSAL
Número de la Clasificación Decimal Universal (031)"17"
100 1# - ENTRADA PRINCIPAL--NOMBRE DE PERSONA
Nombre de persona Diderot, Denis,
Fechas asociadas al nombre 1713-1784
9 (RLIN) 44511
245 13 - MENCIÓN DEL TÍTULO
Título La Enciclopedia /
Mención de responsabilidad, etc. Diderot-D'Alembert ; selección, edición y prólogo de J. Lough ; [lo tradujo del francés, Jesús Torbado].
260 ## - PUBLICACIÓN, DISTRIBUCIÓN, ETC.
Lugar de publicación, distribución, etc. Madrid :
Nombre del editor, distribuidor, etc. Guadarrama,
Fecha de publicación, distribución, etc. [1970]
300 ## - DESCRIPCIÓN FÍSICA
Extensión 281 p. ;
Dimensiones 18 cm.
490 1# - MENCIÓN DE SERIE
Mención de serie Punto Omega ;
Designación de volumen o secuencia 90
650 #4 - PUNTO DE ACCESO ADICIONAL DE MATERIA--TÉRMINO DE MATERIA
Término de materia o nombre geográfico como elemento de entrada Enciclopedias-
Subdivisión de forma Obras anteriores a 1800.
9 (RLIN) 12236
700 1# - ENTRADA AGREGADA--NOMBRE PERSONAL
Nombre de persona Alembert, Jean Le Rond d',
Fechas asociadas al nombre 1717-1783
9 (RLIN) 19739
700 1# - ENTRADA AGREGADA--NOMBRE PERSONAL
Nombre de persona Lough, J.
9 (RLIN) 74316
700 1# - ENTRADA AGREGADA--NOMBRE PERSONAL
Nombre de persona Torbado, Jesús.
9 (RLIN) 110622
830 1# - PUNTO DE ACCESO ADICIONAL DE SERIE-TÍTULO UNIFORME
Título uniforme Punto Omega ;
Designación de volumen o secuencia 90
9 (RLIN) 180707
852 4# - LOCALIZACIÓN
Ubicación ES-MaACL
Número de control de estantería C-48675
Holdings
Estatus retirado Estado de pérdida Estado de daño No para préstamo Colección Biblioteca de origen Biblioteca actual Ubicación en estantería Fecha de adquisición Fuente de adquisición Total de préstamos Signatura topográfica completa Código de barras Visto por última vez Precio de reemplazo Tipo de ítem Koha
        Colección de referencia Biblioteca del Ateneo de Madrid Biblioteca del Ateneo de Madrid Depósito 2 17/01/2008     C-48675 1062016 23/02/2023 23/02/2023 Libro impreso